4 to 13 Letter 'F' Places Quiz Stats

Quiz Updated Jun 13, 2017

Challenge
Share
Tweet
Embed
Score 0/10 Timer 02:00
8 Plays Today
Clue 'F'-Place % Correct
Oceania island nationFiji
95.8%
Third most populated US stateFlorida
93.7%
It borders both Suriname and LuxembourgFrance
91.5%
Largest city in the German state of HesseFrankfurt
67.3%
Seventh largest city in MichiganFlint
58.9%
Oceanian capitalFunafuti
31.7%
Second largest island of Spain’s Canary IslandsFuerteventura
17.7%
Third most populated Pakistani cityFaisalabad
15.3%
Capital city of MartiniqueFort-de-France
9%
Small Greek island which helps form the southern part of the CycladesFolegandros
2.8%

You're not logged in!

Compare scores with friends on all Sporcle quizzes.
Sign Up with Email
OR
Log In

You Might Also Like...

Show Comments

Extras

Top Quizzes Today


Score Distribution

Your Account Isn't Verified!

In order to create a playlist on Sporcle, you need to verify the email address you used during registration. Go to your Sporcle Settings to finish the process.